00321nam a22001217a 45000050016000000200023000160350013000390370013000521000018000652450051000832600042001343000023001762012031204304.0 a819016421Xc390.00 aB-307231 aDPLbENG aAgrawal, K.C. aShaping India of our dreams /cby K.C. Agrawal aNew DelhibKnowledge Books Inc.c2003 axv, 402p.c20 cms.